000 00443nam a2200145Ia 4500
008 090124s9999 xx 000 0 und d
082 _b402903
245 _a शामची आई (संवाद रुप )
250 _a2
260 _bशहा मु. ब.
_c1984
300 _a41
630 _a शामची आई (संवाद रुप )
730 _a शामची आई (संवाद रुप )
942 _cBOOK
999 _c199363
_d199363